000 00377nam a22001217a 4500
008 230703b xxu||||| |||| 00| 0 eng d
082 _a352
_bWAL
100 _cAnnmarie Hauck Walsh
245 _aThe Urban Challege to Government
_bAn International comparison of Thirteen Cities
260 _aNew York
_bInstitute of public Administration
_c1969
300 _a294p
942 _2ddc
_cBK
999 _c3255
_d3255